Les Subvencions d'anivellament fiscal dels governs locals a Europa / Núria Bosch, Marta Espasa, Elena Costas
ISBN:
978-84-9803-331-1
Publicado:
Barcelona :
Diputació de Barcelona. Àrea de Presidència. Direcció d'Estudis i Prospectiva. Centre per a la Innovació Local ,
2009
Descripción Física:
72 p. : gràf. ; 24 cm
Colección:
Estudis. Govern Local ; 10
MARC
| LEADER | 00000nam a2200000Ia 4500 | ||
|---|---|---|---|
| 001 | 22051 | ||
| 008 | 160829s2009 xx 000 0 cat d | ||
| 020 | |a 978-84-9803-331-1 | ||
| 080 | |a M-6-279 | ||
| 100 | |a Bosch Roca, Núria |9 44638 | ||
| 245 | |a Les Subvencions d'anivellament fiscal dels governs locals a Europa / Núria Bosch, Marta Espasa, Elena Costas | ||
| 260 | |a Barcelona : |b Diputació de Barcelona. Àrea de Presidència. Direcció d'Estudis i Prospectiva. Centre per a la Innovació Local, |c 2009 | ||
| 300 | |a 72 p. : |b gràf. ; |c 24 cm | ||
| 490 | |a Estudis. Govern Local ; 10 | ||
| 590 | |a Bibliografia | ||
| 650 | 0 | |a Finances locals |z Unió Europea, Països de la |9 39457 | |
| 650 | |a Dret comparat |x Unió Europea, Països de la |9 39458 | ||
| 700 | 1 | |a Espasa Queralt, Marta |9 39460 | |
| 700 | |a Costas, Elena |9 2334 | ||
| 710 | 2 | |a Centre per a la Innovació Local |9 54171 | |
| 710 | 1 | |a Barcelona (Catalunya : Província). |b Direcció d'Estudis i Prospectiva |9 54963 | |
| 901 | |a Arxiu | ||
| 942 | |n 1 | ||
| 952 | |0 0 |1 0 |4 0 |6 M6279 |7 1 |9 49019 |a Arxiu |b Arxiu |d 2016-12-01 |l 0 |o M-6-279 |p 22051 |r 2016-12-01 00:00:00 |w 2016-12-01 |y ARXIU | ||
| 999 | |c 52855 |d 52855 | ||